000 00404nam a2200145Ia 4500
008 230711s9999||||xx |||||||||||||| ||und||
041 _aENG
082 _a20
_bKW-F
100 _aKwatra,P.S
245 0 _aFundamentals of documentation with special reference to India
250 _a1st
260 _c1989
_aNew Delhi
_bSterling Publishing Pvt.Ltd
650 _aLibrary and Information Science
942 _cBK
999 _c1306
_d1306